Dirigeants aléatoires - Statistiques

Statistiques générales
  • Ce quiz a été pris 27 fois
  • Le résultat moyen est 10 sur 25
Statistiques - réponses
Pays et dates de fonction Dirigeants % Correct
2019 - 2023 Brésil Jair Bolsonaro
86%
1926 - 1989 Japon Hirohito
77%
1997 - 2011 Corée du Nord Kim Jong-il
77%
1956 - 1970 Egypte Nasser
68%
1953 - 1980 Yougoslavie Tito
68%
1963 - 1969 USA Lyndon B. Johnson
64%
1945 - 1953 USA Harry S. Truman
59%
2019 - Aujourd'hui Algérie Abdelmadjid Tebboune
50%
1982 - 1984 URSS Iouri Andropov
50%
1949 - 1963 RFA Konrad Adenauer
45%
2018 - Aujourd'hui Espagne Pedro Sanchéz
45%
1997 - 2007 Royaume-Uni Tony Blair
45%
1923 - 1938 4 mandats Turquie Mustafa Kemal Atatürk
41%
1947 - 1954 Inde Nehru
41%
1966 - 1979 Centrafrique Bokassa
36%
1899 - 1906 France Emile Loubet
32%
1970 - 1973 Chili Salvador Allende
32%
2003 - Aujourd'hui 5 mandats Rwanda Paul Kagame
27%
2003 - 2013 Chine Hu Jintao
23%
1993 - 2003 3 mandats Canada Jean Chrétien
18%
1945 - 1967 Indonésie Sukarno
18%
1984 - 1986 e 1995 - 1996 Israël Shimon Peres
14%
1998 - 2002 Hongrie Viktor Orbán
14%
1937 - 1940 Royaume-Uni Neville Chamberlin
5%
2005 - 2010 Ukraine Viktor Iouchtchenko
0%
Aucun quiz correspondant
Distribution des résultats
% des personnes avec chaque résultat
Percentile par nombre de réponses
Votre historique - résultats
Vous n’avez pas pris ce quiz